00594cam a2200181 a 4500001000800000005001700008008004100025040001800066082001700084245014900101260006600250300001700316500001700333650001800350700002200368942000700390999001500397253787820240401015700.0930514s1992 ce b 000 0 eng  aDLCcDLCdDLC00a327.1/0122000aPolitical change after the cold war :bproblems of the nation state and international relations in Europe and Asia /cedited by Ulrich Everding. aColombo :bGoethe-Institut, German Cultural Institute,c1992. aii, 124 p. ; aCover title. 0aNation-state.1 aEverding, Ulrich. cBK c5867d5867